Mithologie

Сохранить в:
Библиографические подробности
Главный автор: Rat, Maurice
Формат:
Язык:Undetermined
Опубликовано: París, Francia D´Histoire et d´ar 1950
Предметы:
Метки: Добавить метку
Нет меток, Требуется 1-ая метка записи!

MARC

LEADER 00000nam a2200000Ia 4500
008 170316s9999 xx 000 0 und d
999 |c 2750  |d 2750 
040 |a cru BVZT 
090 |a 291 R-2m 
100 |a Rat, Maurice 
245 |a Mithologie  |c / Maurice Rat 
260 |a París, Francia  |b D´Histoire et d´ar  |c 1950 
300 |a 210 páginas 
650 |a MITOLOGÍA  |9 150 
942 |c 15 D  |h 291 R-2m  |2 z